Countries of the World in 1900 - Statistics

General Stats
  • This quiz has been taken 82 times
    69 since last reset
  • The average score is 46 of 60
Answer Stats
% Correct
Asia Qing
98%
Asia Japan
95%
Europe Russia
95%
Europe United Kingdom
95%
North America United States
95%
Europe France
92%
North America Mexico
92%
Europe Sweden
92%
Europe Germany
91%
South America Argentina
89%
South America Brazil
89%
South America Colombia
88%
Europe Denmark
88%
South America Paraguay
88%
Europe Spain
88%
Europe Belgium
86%
South America Bolivia
86%
Europe Netherlands
86%
Europe Ottoman Empire
86%
Europe Portugal
86%
South America Chile
85%
Europe Italy
85%
South America Peru
85%
South America Uruguay
85%
North America Canada
83%
South America Ecuador
82%
North America Honduras
82%
Europe Liechtenstein
82%
Europe Luxembourg
82%
North America Nicaragua
82%
South America Venezuela
82%
Europe Austria-Hungary
80%
Europe Greece
80%
Asia Persia
80%
Europe San Marino
78%
Europe Andorra
77%
North America Costa Rica
77%
Africa Ethiopia
77%
North America Guatemala
77%
Europe Serbia
77%
Europe Bulgaria
75%
Europe Romania
75%
Europe Montenegro
74%
Asia Korea
72%
Europe Monaco
72%
Europe Switzerland
72%
North America El Salvador
71%
Asia Siam
71%
Africa Liberia
69%
North America Haiti
68%
North America Dominican Republic
65%
Africa Morocco
63%
Asia Afghanistan
58%
Asia Bhutan
57%
Asia Nepal
57%
Oceania Samoa
42%
Oceania Tonga
40%
Africa Congo Free State
31%
Africa Orange Free State
17%
Asia Ha'il
11%
No matching quizzes found
Score Distribution
Percent of People with Each Score
Percentile by Number Answered
Your Score History
You have not taken this quiz since the last reset